Guess The Song #1 - 5 Seconds of Summer - Statistics

General Stats
  • This quiz has been taken 346 times
  • The average score is 7 of 10
Answer Stats
Lyric Song % Correct
You used to call me baby, now you're calling me by name Youngblood
94%
They say we're too young now to amount to anything else She Looks So Perfect
85%
See a war, I wanna fight it, see a match, I wanna strike it Jet Black Heart
78%
Changing flights so you'd stay with me, remember thinking that I got this right Lie to Me
76%
You know even when I said I moved on, yeah I still dream for you Want You Back
71%
She's dropping out of school 'cause she don't need the grade Try Hard
65%
I love you so much that I hate you, right now, it's so hard to blame you Easier
63%
He's walking home cause he can't pay for the bus Hey Everybody!
57%
'Cause every night you and I find ourselves, kissing and touching like no one else Girls Talk Boys
52%
When you go up, down, jump around, think about true romance What I Like About You
49%
No matching quizzes found
Score Distribution
Percent of People with Each Score
Percentile by Number Answered
Your Score History
You have not taken this quiz